[Event "Balkan Youth Online-ch 2020"]
[Site "Online"]
[Date "2020.10.31"]
[Round "6.73"]
[White "Spiridon, Anisia"]
[Black "Shuqja, Klean"]
[Result "1/2-1/2"]
[WhiteElo "1551"]
[BlackElo "1838"]
[Annotator "NA RC"]
[PlyCount "62"]
[EventDate "2020.10.31"]
[EventType "swiss"]
[SourceTitle "playchess.com"]
[Source "ChessBase"]
[SourceQuality "1"]

1. d4 Nf6 2. c4 g6 3. Nc3 d5 4. cxd5 Nxd5 5. e4 Nxc3 6. bxc3 Bg7 7. Nf3 c5 8. Rb1 O-O 9. Be2 Nc6 10. Be3 cxd4 11. cxd4 Qa5+ 12. Bd2 Qc7 13. Be3 Bg4 14. O-O a6 15. Qb3 Bxf3 16. Bxf3 Nxd4 17. Bxd4 Bxd4 18. Rfc1 Qd6 19. Qxb7 Rab8 20. Qd5 Rxb1 21. Rxb1 Qxd5 22. exd5 Rc8 23. Bd1 Rc5 24. Bb3 a5 25. Rd1 Be5 26. g3 Bd6 27. Kf1 Rb5 28. Ke2 Rb4 29. Rb1 a4 30. Bc2 Rxb1 31. Bxb1 a3 1/2-1/2

[Event "Balkan Youth Online-ch 2020"]
[Site "Online"]
[Date "2020.10.31"]
[Round "6.74"]
[White "Kipik, Feyza"]
[Black "Puia, Alexia-Teodora"]
[Result "0-1"]
[WhiteElo "1592"]
[BlackElo "1697"]
[Annotator "NA RC"]
[PlyCount "76"]
[EventDate "2020.10.31"]
[EventType "swiss"]
[SourceTitle "playchess.com"]
[Source "ChessBase"]
[SourceQuality "1"]

1. e4 c5 2. Nf3 e6 3. d4 cxd4 4. Nxd4 Nc6 5. c4 Qc7 6. Be3 a6 7. Nc3 Nf6 8. f3 Be7 9. Be2 O-O 10. O-O Rd8 11. Qd2 d5 12. Nxc6 bxc6 13. cxd5 cxd5 14. exd5 Nxd5 15. Nxd5 Rxd5 16. Qe1 Bf6 17. Rc1 Qe7 18. b3 Bb7 19. Bc4 Rd7 20. Qa5 Bd4 21. Bxd4 Rxd4 22. Rcd1 Qd7 23. Be2 Rd5 24. Rxd5 Bxd5 25. Rc1 Qa7+ 26. Kh1 Qe3 27. Qc7 h6 28. Qc2 Bb7 29. Bd3 Rd8 30. Rd1 g6 31. h3 Rd5 32. Bc4 Rg5 33. Qb2 Bd5 34. Bxd5 Rxd5 35. Rxd5 exd5 36. Qc2 d4 37. Qd1 d3 38. Kh2 d2 0-1

[Event "Balkan Youth Online-ch 2020"]
[Site "Online"]
[Date "2020.10.31"]
[Round "6.75"]
[White "Tsakona, Maria"]
[Black "Mitkova, Victoria-Elizabeth"]
[Result "0-1"]
[WhiteElo "1596"]
[BlackElo "1105"]
[Annotator "NA RC"]
[PlyCount "58"]
[EventDate "2020.10.31"]
[EventType "swiss"]
[SourceTitle "playchess.com"]
[Source "ChessBase"]
[SourceQuality "1"]

1. Nf3 d5 2. g3 c5 3. Bg2 Nc6 4. c4 dxc4 5. O-O e5 6. Na3 Be6 7. Qc2 Nh6 8. Nxc4 f6 9. d3 Nf5 10. Bd2 Qd7 11. Rfb1 Be7 12. a3 O-O 13. b4 b5 14. Ne3 Nfd4 15. Nxd4 Nxd4 16. Qd1 Rab8 17. Kf1 f5 18. Rb2 f4 19. Nc2 Bh3 20. Nxd4 fxg3 21. Nf3 gxh2 22. Nxh2 Rb6 23. Qb3+ Kh8 24. d4 Bxg2+ 25. Kxg2 Rg6+ 26. Kh1 Rxf2 27. Rf1 Qf5 28. Qd1 Rxh2+ 29. Kxh2 Qh5# 0-1

[Event "Balkan Youth Online-ch 2020"]
[Site "Online"]
[Date "2020.10.31"]
[Round "6.76"]
[White "Paroglou, Marianna"]
[Black "Mosurovic, Milena"]
[Result "0-1"]
[WhiteElo "1436"]
[BlackElo "1428"]
[Annotator "NA RC"]
[PlyCount "108"]
[EventDate "2020.10.31"]
[EventType "swiss"]
[SourceTitle "playchess.com"]
[Source "ChessBase"]
[SourceQuality "1"]

1. e4 d5 2. exd5 Qxd5 3. Nc3 Qd8 4. d4 Nf6 5. Nf3 Bg4 6. Be2 e6 7. Bg5 Nbd7 8. Qd2 c6 9. h3 Bf5 10. O-O-O Bb4 11. g4 Bg6 12. Ne5 Nxe5 13. dxe5 Qxd2+ 14. Rxd2 Nd5 15. Rhd1 f6 16. exf6 gxf6 17. Bh4 Kf7 18. Bc4 Rac8 19. a3 Bd6 20. Ne2 h5 21. Bg3 Bxg3 22. Nxg3 hxg4 23. hxg4 b5 24. Bb3 Rh4 25. f3 Rh3 26. Ne4 Bxe4 27. fxe4 Ne3 28. Rd7+ Kg6 29. Rg1 a5 30. Bxe6 Rch8 31. Bf5+ Kg5 32. b3 Rh2 33. Rd2 Rxd2 34. Kxd2 Nxf5 35. gxf5+ Kf4 36. Re1 Ke5 37. Kd3 Rh3+ 38. Re3 Rh7 39. a4 Rd7+ 40. Kc3 Rd4 41. axb5 cxb5 42. Rd3 Rxe4 43. Rd8 Kxf5 44. Rb8 Re5 45. Kd4 Kf4 46. c4 bxc4 47. Kxc4 Ke3 48. Rb6 f5 49. Kc3 f4 50. Rh6 f3 51. Rh3 Ke2 52. Kd4 Re3 53. Rxf3 Rxf3 54. Kc4 Rf5 0-1

[Event "Balkan Youth Online-ch 2020"]
[Site "Online"]
[Date "2020.10.31"]
[Round "6.78"]
[White "Lusheska, Elena"]
[Black "Tsekoura, Vaia"]
[Result "0-1"]
[WhiteElo "1086"]
[BlackElo "1488"]
[Annotator "NA RC"]
[PlyCount "72"]
[EventDate "2020.10.31"]
[EventType "swiss"]
[SourceTitle "playchess.com"]
[Source "ChessBase"]
[SourceQuality "1"]

1. d4 d5 2. Nc3 Nf6 3. Bf4 e6 4. Nb5 Na6 5. a4 c6 6. Na3 Bd6 7. Bg3 O-O 8. e3 b6 9. Bd3 Bb7 10. Qe2 Nb4 11. c3 Nxd3+ 12. Qxd3 a5 13. Qd1 Re8 14. Nf3 Ba6 15. Nb1 Ne4 16. Nbd2 Nxg3 17. hxg3 Qc7 18. Nf1 e5 19. dxe5 Bxe5 20. Qc2 h6 21. g4 Bf6 22. Ng3 Rxe3+ 23. fxe3 Qxg3+ 24. Qf2 Qxg4 25. Kd2 Qc4 26. Ne1 Re8 27. Rh3 d4 28. Kd1 dxc3 29. Qc2 Rd8+ 30. Nd3 Rxd3+ 31. Ke1 Rd1+ 32. Kf2 Qf1+ 33. Kg3 Be5+ 34. Kh4 Qf6+ 35. Kg4 Bc8+ 36. Kh5 Qg5# 0-1

[Event "Balkan Youth Online-ch 2020"]
[Site "Online"]
[Date "2020.10.31"]
[Round "6.79"]
[White "Chicarosie, Ioana-Bianca"]
[Black "Zrmanovska, Mihaela"]
[Result "1-0"]
[WhiteElo "1521"]
[BlackElo "1300"]
[Annotator "NA RC"]
[PlyCount "87"]
[EventDate "2020.10.31"]
[EventType "swiss"]
[SourceTitle "playchess.com"]
[Source "ChessBase"]
[SourceQuality "1"]

1. d4 d5 2. Nf3 Nf6 3. e3 Bf5 4. c4 e6 5. Nc3 Be7 6. Qb3 b6 7. Be2 O-O 8. O-O c5 9. dxc5 bxc5 10. Rd1 Nc6 11. a3 Na5 12. Qa4 Rb8 13. cxd5 exd5 14. Bd3 Bxd3 15. Rxd3 c4 16. Rd1 Nb3 17. Rb1 a5 18. Nd4 Nc5 19. Qc2 Nd3 20. Nc6 Qb6 21. Nxe7+ Kh8 22. Nexd5 Nxd5 23. Nxd5 Qc5 24. Nc3 Rfd8 25. b3 Rbc8 26. bxc4 Qxc4 27. Bb2 Nxb2 28. Rxd8+ Rxd8 29. Qxb2 h6 30. Ne2 Qd3 31. Nd4 Rc8 32. Rc1 Rd8 33. g3 Qe4 34. Qb3 Kg8 35. a4 Rd7 36. Qc3 Rb7 37. Qxa5 Rb1 38. Qc3 Rb7 39. a5 Ra7 40. Nb5 Rb7 41. Nd6 Qd5 42. Nxb7 Qxb7 43. Qc8+ Qxc8 44. Rxc8+ 1-0

[Event "Balkan Youth Online-ch 2020"]
[Site "Online"]
[Date "2020.10.31"]
[Round "6.82"]
[White "Ciolacu, Alessia-Mihaela"]
[Black "Karavitaki, Evaggelia"]
[Result "1-0"]
[WhiteElo "2052"]
[BlackElo "1725"]
[Annotator "TA"]
[PlyCount "53"]
[EventDate "2020.10.31"]
[EventType "swiss"]
[SourceTitle "playchess.com"]
[Source "ChessBase"]
[SourceQuality "1"]

1. d4 Nf6 2. Nf3 e6 3. c4 c5 4. d5 exd5 5. cxd5 d6 6. Nc3 g6 7. e4 a6 8. a4 Bg7 9. Bd3 O-O 10. O-O Re8 11. Re1 Nfd7 12. Bg5 Qb6 13. Qd2 Ne5 14. Nxe5 Bxe5 15. a5 Qc7 16. f4 Bg7 17. Bc4 Nd7 18. e5 b5 19. exd6 Rxe1+ 20. Rxe1 Qxd6 21. Re8+ Nf8 22. Ne4 Qd7 23. Rd8 Qg4 24. h3 Qf5 25. Bd3 Bd4+ 26. Kh2 Kg7 27. Nd6 1-0

[Event "Balkan Youth Online-ch 2020"]
[Site "Online"]
[Date "2020.10.31"]
[Round "6.83"]
[White "Elma, Muge"]
[Black "Popovic, Mateja"]
[Result "1-0"]
[WhiteElo "1689"]
[BlackElo "1592"]
[Annotator "NA RC"]
[PlyCount "103"]
[EventDate "2020.10.31"]
[EventType "swiss"]
[SourceTitle "playchess.com"]
[Source "ChessBase"]
[SourceQuality "1"]

1. d4 d5 2. c4 e6 3. Nf3 Nf6 4. g3 Be7 5. Bg2 dxc4 6. O-O c5 7. Qa4+ Bd7 8. Qxc4 cxd4 9. Nxd4 Qb6 10. Nc3 O-O 11. e3 Rc8 12. Qb3 Qxb3 13. axb3 Nc6 14. Rd1 Rc7 15. Ndb5 Rcc8 16. Nd6 Bxd6 17. Rxd6 a6 18. Na4 Rc7 19. e4 Kf8 20. Be3 Ne8 21. Rd2 Ke7 22. Bc5+ Kf6 23. Bb6 Rac8 24. Rad1 Ke7 25. Nc5 Nf6 26. Bxc7 Rxc7 27. Nxd7 Nxd7 28. f4 Nb4 29. e5 b5 30. Rd6 Nc5 31. Rc1 f6 32. Rd4 Na2 33. Rc2 a5 34. Bf1 Nb4 35. Rc1 Na2 36. exf6+ gxf6 37. Re1 Nxb3 38. Rde4 Nc5 39. R4e3 Nb4 40. Rc1 Nd5 41. Ra3 b4 42. Rxa5 Kd6 43. Rd1 Kc6 44. Bg2 Kb6 45. Ra8 Ne3 46. Rd6+ Kb5 47. Bf3 Kc4 48. Kf2 Nf5 49. Rd2 Nd3+ 50. Kg1 Ne3 51. Be2 Rd7 52. Rc8+ 1-0

[Event "Balkan Youth Online-ch 2020"]
[Site "Online"]
[Date "2020.10.31"]
[Round "6.84"]
[White "Dimitrijevic, Andjela"]
[Black "Lehaci, Miruna-Daria"]
[Result "0-1"]
[WhiteElo "1810"]
[BlackElo "2223"]
[Annotator "TA"]
[PlyCount "76"]
[EventDate "2020.10.31"]
[EventType "swiss"]
[SourceTitle "playchess.com"]
[Source "ChessBase"]
[SourceQuality "1"]

1. e4 c5 2. Nf3 d6 3. c3 Nf6 4. h3 g6 5. Bd3 Bg7 6. Bc2 O-O 7. O-O e5 8. d3 Nc6 9. a3 h6 10. b4 a6 11. Be3 Qe7 12. Nbd2 Be6 13. Bb3 b6 14. Bxe6 Qxe6 15. Qb3 Qd7 16. a4 Rab8 17. b5 axb5 18. axb5 Na5 19. Qb1 Nh5 20. Nc4 Nxc4 21. dxc4 f5 22. Qd3 Kh7 23. Rfd1 Rbd8 24. Ra6 Nf6 25. Qc2 fxe4 26. Nxe5 Qe6 27. Nc6 Rd7 28. Rxb6 Qxc4 29. Nb8 Ra7 30. Rdxd6 Ra2 31. Qc1 Nd5 32. Rbc6 Nxe3 33. Qxe3 Ra1+ 34. Kh2 Be5+ 35. g3 Bxd6 36. Rxd6 Qf1 37. Rd7+ Kg8 38. Qxe4 Qg1# 0-1

[Event "Balkan Youth Online-ch 2020"]
[Site "Online"]
[Date "2020.10.31"]
[Round "6.85"]
[White "Kouta, Antonia"]
[Black "Sural, Ceren"]
[Result "1-0"]
[WhiteElo "1714"]
[BlackElo "1686"]
[Annotator "NA RC"]
[PlyCount "79"]
[EventDate "2020.10.31"]
[EventType "swiss"]
[SourceTitle "playchess.com"]
[Source "ChessBase"]
[SourceQuality "1"]

1. e4 c5 2. Nf3 d6 3. d4 cxd4 4. Nxd4 Nf6 5. f3 a6 6. c4 e6 7. Nc3 Be7 8. Be3 Bd7 9. Be2 O-O 10. O-O Nc6 11. Qd2 Rc8 12. Nxc6 Bxc6 13. Rfd1 Qc7 14. Rac1 b6 15. Nd5 exd5 16. cxd5 Qb7 17. dxc6 Rxc6 18. Bxa6 Qc7 19. Bb5 Rxc1 20. Rxc1 Qa7 21. a4 Rb8 22. Qc2 Nd7 23. Qc7 Rb7 24. Qc8+ Bf8 25. Qd8 Nc5 26. b4 Ne6 27. Qc8 Rb8 28. Qc6 Rb7 29. a5 Qb8 30. Bxb6 g6 31. Ba6 Re7 32. Qc8 Qxc8 33. Rxc8 h6 34. Bb5 Kh7 35. a6 Bg7 36. a7 Rb7 37. a8=Q Rxb6 38. Qd5 Nf4 39. Qxf7 Rxb5 40. Qg8# 1-0

[Event "Balkan Youth Online-ch 2020"]
[Site "Online"]
[Date "2020.10.31"]
[Round "6.87"]
[White "Ivanovic, Tara"]
[Black "Velea, Teodora"]
[Result "1-0"]
[WhiteElo "1283"]
[BlackElo "2000"]
[Annotator "TA"]
[PlyCount "127"]
[EventDate "2020.10.31"]
[EventType "swiss"]
[SourceTitle "playchess.com"]
[Source "ChessBase"]
[SourceQuality "1"]

1. e4 e5 2. Nf3 Nc6 3. Bb5 d6 4. d4 exd4 5. Nxd4 Bd7 6. Nxc6 Bxc6 7. Bxc6+ bxc6 8. O-O Rb8 9. Nc3 Ne7 10. Rb1 g6 11. Be3 a6 12. Bd4 Rg8 13. Qd3 c5 14. Be3 a5 15. Rfd1 Bg7 16. Qc4 Nc6 17. Bxc5 Nb4 18. Bxb4 Rxb4 19. Qc6+ Kf8 20. Nd5 Rxb2 21. Rxb2 Bxb2 22. Qxc7 Qxc7 23. Nxc7 Ke7 24. Nd5+ Ke6 25. Rb1 Bd4 26. Kf1 Rc8 27. Rc1 Rc4 28. c3 Be5 29. f3 Bxh2 30. Ke2 Ra4 31. Rc2 h5 32. Nb6 Ra3 33. Kd3 Bg1 34. Nd5 Ra4 35. c4 Kd7 36. c5 Bxc5 37. Rxc5 Rxa2 38. Rc7+ Ke8 39. Rc2 Ra3+ 40. Kc4 Kd7 41. Kb5 Ke6 42. Kc6 Rb3 43. Ra2 Rb1 44. Rxa5 Rc1+ 45. Kb6 Rb1+ 46. Rb5 Rg1 47. Ne3 Re1 48. Nd5 Rg1 49. Rb2 h4 50. Kc6 Rc1+ 51. Kb6 Rg1 52. Kb5 Ke5 53. Rd2 Rb1+ 54. Kc4 Rc1+ 55. Kd3 Rh1 56. Ke3 Rh2 57. f4+ Ke6 58. Nc7+ Kd7 59. Nb5 Ke6 60. Rxd6+ Ke7 61. Rd2 Kf6 62. Kf3 g5 63. Rd6+ Ke7 64. fxg5 1-0

[Event "Balkan Youth Online-ch 2020"]
[Site "Online"]
[Date "2020.10.31"]
[Round "6.89"]
[White "Kalyva, Kyriaki"]
[Black "Obada, Ema"]
[Result "0-1"]
[WhiteElo "1823"]
[BlackElo "1940"]
[Annotator "RC"]
[PlyCount "122"]
[EventDate "2020.10.31"]
[EventType "swiss"]
[SourceTitle "playchess.com"]
[Source "ChessBase"]
[SourceQuality "1"]

1. d4 e6 2. c4 Nf6 3. Nc3 Bb4 4. e3 b6 5. Nge2 Bb7 6. a3 Bxc3+ 7. Nxc3 O-O 8. Bd3 d6 9. O-O e5 10. d5 Nbd7 11. Bc2 a5 12. Rb1 Qe7 13. Ne2 b5 14. Ng3 e4 15. b3 bxc4 16. bxc4 Ba6 17. Qd4 Qe5 18. Rd1 Rfb8 19. Rxb8+ Rxb8 20. Qa7 Qc3 21. Rd2 Rb1 22. Bxb1 Qxc1+ 23. Nf1 Bxc4 24. h3 Qxf1+ 25. Kh2 Qxb1 26. Qxc7 Bd3 27. Qd8+ Nf8 28. Qxa5 Qb5 29. Qxb5 Bxb5 30. f3 Bd3 31. fxe4 Bxe4 32. a4 Nxd5 33. a5 Ne6 34. a6 Nec7 35. a7 Kf8 36. Rb2 Nf6 37. Kg3 Ke7 38. Kf4 h6 39. h4 Kd7 40. g4 Bc6 41. g5 hxg5+ 42. hxg5 Nfd5+ 43. Kg3 Nxe3 44. Rf2 Ke6 45. Re2 Ncd5 46. Ra2 Ba8 47. Rb2 Kf5 48. Rf2+ Kg6 49. Kh4 Nf5+ 50. Kg4 Nfe3+ 51. Kh4 Nc7 52. Rb2 Ned5 53. Kg4 Nc3 54. Rb3 N3b5 55. Rd3 Be4 56. Rd2 Bb7 57. Kh4 d5 58. Rc2 d4 59. Kg3 Kxg5 60. Kf2 Kf4 61. Ke2 d3+ 0-1

[Event "Balkan Youth Online-ch 2020"]
[Site "Online"]
[Date "2020.10.31"]
[Round "6.90"]
[White "Srdanovic, Jovana"]
[Black "Bucur, Denisa-Andreea"]
[Result "1/2-1/2"]
[WhiteElo "2144"]
[BlackElo "2063"]
[Annotator "TA"]
[PlyCount "90"]
[EventDate "2020.10.31"]
[EventType "swiss"]
[SourceTitle "playchess.com"]
[Source "ChessBase"]
[SourceQuality "1"]

1. d4 Nf6 2. c4 e6 3. Nc3 Bb4 4. e3 b6 5. Bd3 c5 6. Nge2 Bb7 7. O-O cxd4 8. exd4 O-O 9. Bg5 Be7 10. Bc2 d5 11. Bxf6 Bxf6 12. cxd5 Bxd5 13. Qd3 g6 14. Nxd5 exd5 15. Bb3 Nc6 16. a3 Qd6 17. Rfd1 Rac8 18. Rac1 Rc7 19. Rc2 Rfc8 20. Rdc1 Ne7 21. g3 Kg7 22. Nc3 Qd7 23. Ba4 Qf5 24. Qxf5 Nxf5 25. Nxd5 Rxc2 26. Rxc2 Rxc2 27. Bxc2 Nxd4 28. Bd1 Be5 29. f4 Bd6 30. Kf2 h5 31. Ba4 b5 32. Bd1 a6 33. h3 Ne6 34. Kf3 f5 35. b4 Nc7 36. Nxc7 Bxc7 37. a4 bxa4 38. Bxa4 Bd6 39. b5 axb5 40. Bxb5 Kf6 41. h4 Bc5 42. Bc4 Bb6 43. Bb5 Bc5 44. Bc4 Bb6 45. Bb5 Bc5 1/2-1/2

[Event "Balkan Youth Online-ch 2020"]
[Site "Online"]
[Date "2020.10.31"]
[Round "6.91"]
[White "Eftovska, Lea"]
[Black "Mihailidou, Magdalini"]
[Result "0-1"]
[WhiteElo "1587"]
[BlackElo "1796"]
[Annotator "NA RC"]
[PlyCount "84"]
[EventDate "2020.10.31"]
[EventType "swiss"]
[SourceTitle "playchess.com"]
[Source "ChessBase"]
[SourceQuality "1"]

1. e4 e5 2. Nf3 Nc6 3. Bc4 Bc5 4. d3 Nf6 5. O-O d6 6. c3 a6 7. b4 Ba7 8. a4 h6 9. Nbd2 g5 10. Nb3 Ne7 11. Be3 Ng6 12. Bxa7 Rxa7 13. Nc1 Bg4 14. Qb3 O-O 15. Nd2 Qb8 16. d4 Nf4 17. f3 Bd7 18. Be2 b5 19. a5 c5 20. dxc5 dxc5 21. Rd1 Be6 22. Qb2 cxb4 23. cxb4 Rd7 24. Ndb3 Rfd8 25. Rxd7 Nxd7 26. Bf1 Qd6 27. Ne2 Nd3 28. Qc3 Bxb3 29. Qxb3 Nxb4 30. Rd1 Qe7 31. Ng3 Qc5+ 32. Kh1 Nc6 33. Nf5 Nd4 34. Nxd4 exd4 35. Qd3 Ne5 36. Qb3 d3 37. h3 d2 38. Qb2 Qd4 39. Qc2 Qe3 40. Qc7 Re8 41. Qd6 Nxf3 42. Qxh6 Qg1# 0-1

[Event "Balkan Youth Online-ch 2020"]
[Site "Online"]
[Date "2020.10.31"]
[Round "6.92"]
[White "Bojovic, Neda"]
[Black "Ergazaki, Eirini"]
[Result "0-1"]
[WhiteElo "1316"]
[BlackElo "1577"]
[Annotator "NA RC"]
[PlyCount "67"]
[EventDate "2020.10.31"]
[EventType "swiss"]
[SourceTitle "playchess.com"]
[Source "ChessBase"]
[SourceQuality "1"]

1. d4 d5 2. c4 e6 3. Nc3 Nf6 4. Bg5 Be7 5. e3 O-O 6. Nf3 Nbd7 7. Rc1 a6 8. Bd3 dxc4 9. Bxc4 b5 10. Bb3 Bb7 11. Bf4 c5 12. O-O Rc8 13. Qe2 cxd4 14. Nxd4 e5 15. Nf5 exf4 16. exf4 Bc5 17. Qd3 Nh5 18. Bc2 Ndf6 19. g3 Qxd3 20. Bxd3 Nd5 21. Nxd5 Bxd5 22. a3 g6 23. b4 Bxf2+ 24. Kxf2 gxf5 25. Bxf5 Rxc1 26. Rxc1 Bc4 27. Rd1 Nf6 28. Kg2 Nd5 29. Re1 Ra8 30. Kh3 h6 31. Bd7 Ra7 32. Re8+ Kg7 33. Bg4 Nf6 34. Bf3 0-1

[Event "Balkan Youth Online-ch 2020"]
[Site "Online"]
[Date "2020.10.31"]
[Round "6.93"]
[White "Yilmaz, Duygu Sila"]
[Black "Lupascu, Diana-Elena"]
[Result "0-1"]
[WhiteElo "1408"]
[BlackElo "1668"]
[Annotator "NA RC"]
[PlyCount "68"]
[EventDate "2020.10.31"]
[EventType "swiss"]
[SourceTitle "playchess.com"]
[Source "ChessBase"]
[SourceQuality "1"]

1. e4 c5 2. Nf3 d6 3. d4 cxd4 4. Nxd4 Nf6 5. Nc3 g6 6. Be3 Bg7 7. Bc4 O-O 8. f3 Nc6 9. Qd2 Bd7 10. Bb3 a6 11. Nxc6 bxc6 12. Bh6 c5 13. h4 Qb6 14. Be3 Qc7 15. g4 c4 16. Ba4 Bxa4 17. Nxa4 Rab8 18. g5 Nh5 19. Bd4 Bxd4 20. Qxd4 Qa5+ 21. Nc3 Rxb2 22. Kd2 Ng3 23. Rhg1 Ne2 24. Kxe2 Rxc2+ 25. Kf1 Qxc3 26. Qxc3 Rxc3 27. Ke2 Rb8 28. Rgd1 Rb2+ 29. Rd2 Rxd2+ 30. Kxd2 Rxf3 31. Rc1 Rf2+ 32. Ke3 Rxa2 33. Rxc4 a5 34. Kd3 Kg7 0-1

[Event "Balkan Youth Online-ch 2020"]
[Site "Online"]
[Date "2020.10.31"]
[Round "6.94"]
[White "Zeycan, Alara"]
[Black "Shqau, Olta"]
[Result "1-0"]
[WhiteElo "1230"]
[BlackElo "1373"]
[Annotator "NA RC"]
[PlyCount "59"]
[EventDate "2020.10.31"]
[EventType "swiss"]
[SourceTitle "playchess.com"]
[Source "ChessBase"]
[SourceQuality "1"]

1. d4 e6 2. e3 d5 3. Bd3 Nf6 4. Nd2 c5 5. c3 Be7 6. f4 O-O 7. Ngf3 Nc6 8. O-O h6 9. Ne5 Nxe5 10. fxe5 Nh7 11. Qc2 g6 12. Nf3 c4 13. Be2 b5 14. e4 a6 15. Bxh6 Re8 16. exd5 exd5 17. Qd2 Be6 18. Rf2 g5 19. Bd1 Bf5 20. Nxg5 Bxg5 21. Bxg5 Qd7 22. Bh6 Qe6 23. Bh5 Bg6 24. Bxg6 Qxg6 25. Raf1 Ra7 26. Rf3 Kh8 27. Rg3 Qe6 28. Bg7+ Kg8 29. Bf6+ Kf8 30. Qh6# 1-0

[Event "Balkan Youth Online-ch 2020"]
[Site "Online"]
[Date "2020.10.31"]
[Round "7.1"]
[White "Ivanov, Andrey A."]
[Black "Gkavardinas, Antonios"]
[Result "0-1"]
[WhiteElo "2180"]
[BlackElo "1606"]
[Annotator "TA"]
[PlyCount "144"]
[EventDate "2020.10.31"]
[EventType "swiss"]
[SourceTitle "playchess.com"]
[Source "ChessBase"]
[SourceQuality "1"]

1. d4 d5 2. Bf4 Nf6 3. e3 c5 4. c3 Nc6 5. Nd2 Bf5 6. Ngf3 e6 7. Bb5 Qb6 8. Qa4 Rc8 9. Ne5 Be7 10. O-O O-O 11. Bxc6 bxc6 12. dxc5 Bxc5 13. Nb3 Bd6 14. Nd7 Nxd7 15. Bxd6 Rfe8 16. c4 e5 17. c5 Qb7 18. f3 Bg6 19. Na5 Qa6 20. b4 Nb6 21. Qb3 Nd7 22. a4 Qd3 23. Qxd3 Bxd3 24. Rfd1 e4 25. Bg3 Ne5 26. Bxe5 Rxe5 27. f4 Re7 28. Kf2 Rd7 29. Ra2 d4 30. Rb2 dxe3+ 31. Kxe3 Rd5 32. g4 Kf8 33. Rc1 Rc7 34. Nb3 Rcd7 35. Na5 Rc7 36. h4 h5 37. g5 Ba6 38. Rd2 Bd3 39. Nb3 Rb7 40. b5 cxb5 41. c6 Rc7 42. axb5 Rxb5 43. Nd4 Rb4 44. g6 a5 45. Rc5 a4 46. Rd5 Rxd4 47. Kxd4 Rxc6 48. gxf7 Kxf7 49. Rxh5 Ra6 50. Rf5+ Kg6 51. Rg5+ Kh6 52. Ra2 a3 53. Rg1 Ra4+ 54. Ke3 Bc4 55. Raa1 a2 56. Kxe4 Bb3+ 57. Kd3 Rxf4 58. Kc3 Bg8 59. Rh1 Kh5 60. Kb2 Rb4+ 61. Kc3 Rb3+ 62. Kc2 Rb1 63. Raxb1 Bh7+ 64. Kb2 axb1=Q+ 65. Rxb1 Bxb1 66. Kxb1 Kxh4 67. Kc2 g5 68. Kd2 g4 69. Ke2 Kh3 70. Kf1 Kh2 71. Kf2 g3+ 72. Kf1 g2+ 0-1

[Event "Balkan Youth Online-ch 2020"]
[Site "Online"]
[Date "2020.10.31"]
[Round "7.2"]
[White "Lafkidis, Apostolos"]
[Black "Kisic, Jovan"]
[Result "1/2-1/2"]
[WhiteElo "1497"]
[BlackElo "2099"]
[Annotator "TA"]
[PlyCount "47"]
[EventDate "2020.10.31"]
[EventType "swiss"]
[SourceTitle "playchess.com"]
[Source "ChessBase"]
[SourceQuality "1"]

1. e4 c6 2. d4 d5 3. exd5 cxd5 4. Bd3 Nf6 5. c3 Nc6 6. Bf4 e6 7. Nf3 Bd6 8. Qd2 O-O 9. O-O Qc7 10. Bxd6 Qxd6 11. Re1 h6 12. Ne5 Qe7 13. Qf4 g5 14. Qg3 Nxe5 15. Rxe5 Nd7 16. Re1 Qf6 17. Nd2 Qf4 18. Qxf4 gxf4 19. Nf3 Kg7 20. Ne5 f6 21. Nxd7 Bxd7 22. Re2 Rae8 23. Rae1 Re7 24. g3 1/2-1/2

[Event "Balkan Youth Online-ch 2020"]
[Site "Online"]
[Date "2020.10.31"]
[Round "7.3"]
[White "Boci, Mateo"]
[Black "Domurcak, Doruk"]
[Result "1/2-1/2"]
[WhiteElo "1286"]
[BlackElo "1244"]
[Annotator "NA RC"]
[PlyCount "203"]
[EventDate "2020.10.31"]
[EventType "swiss"]
[SourceTitle "playchess.com"]
[Source "ChessBase"]
[SourceQuality "1"]

1. e4 e5 2. Nf3 Nc6 3. d4 exd4 4. Nxd4 Nf6 5. Nc3 Bb4 6. Nxc6 bxc6 7. Bd3 d5 8. exd5 cxd5 9. O-O O-O 10. Bg5 Be7 11. Bxf6 Bxf6 12. Nxd5 Bxb2 13. Rb1 Bf6 14. Qf3 Be6 15. Nxf6+ Qxf6 16. Qxf6 gxf6 17. a3 Rab8 18. Rb4 Rb6 19. Rfb1 Rfb8 20. h3 Kg7 21. Kh2 h6 22. f4 f5 23. Rxb6 axb6 24. a4 Bd7 25. a5 Kf6 26. axb6 Rxb6 27. Rd1 Rd6 28. Kg3 c5 29. Kf2 Bb5 30. Ke2 c4 31. Ke3 cxd3 32. cxd3 Ra6 33. g4 fxg4 34. hxg4 Re6+ 35. Kd4 Bc6 36. Kc5 Bf3 37. Rg1 Re2 38. Kd4 Rg2 39. Rh1 Kg6 40. f5+ Kg7 41. Ke5 Bxg4 42. Kf4 h5 43. d4 Rf2+ 44. Kg5 Rxf5+ 45. Kh4 Rd5 46. Kg3 Rxd4 47. Rg1 f5 48. Kh4 Kg6 49. Rg3 Rd1 50. Rg1 Rd3 51. Rxg4+ Kf6 52. Rb4 Ke5 53. Kxh5 Rd4 54. Rb1 Rd3 55. Rb4 Rd4 56. Rb1 Rd2 57. Rb4 Rd8 58. Rb1 Ke4 59. Re1+ Kf4 60. Rf1+ Ke5 61. Re1+ Kf6 62. Kh4 Rd3 63. Ra1 Ke5 64. Ra5+ Kf4 65. Ra4+ Kf3 66. Kg5 Rd5 67. Ra3+ Ke4 68. Ra4+ Ke5 69. Rf4 Ke6 70. Rf1 Re5 71. Ra1 Rb5 72. Re1+ Re5 73. Ra1 Rb5 74. Ra6+ Ke5 75. Ra3 Rb4 76. Ra5+ Ke4 77. Ra6 f4 78. Kg4 Rd4 79. Ra1 Kd3 80. Kf3 Rb4 81. Rd1+ Kc2 82. Rf1 Kd2 83. Ra1 Kc2 84. Kf2 Rb3 85. Ra4 f3 86. Ra1 Rd3 87. Ra2+ Kb1 88. Ra4 Kc1 89. Rf4 Kd2 90. Rxf3 Rd7 91. Ra3 Rf7+ 92. Kg3 Kc2 93. Ra6 Rg7+ 94. Kf4 Rf7+ 95. Ke5 Rh7 96. Rc6+ Kd3 97. Rd6+ Ke3 98. Rd1 Rh5+ 99. Kf6 Rh6+ 100. Kg5 Ra6 101. Rd5 Ke4 102. Rd1 1/2-1/2

[Event "Balkan Youth Online-ch 2020"]
[Site "Online"]
[Date "2020.10.31"]
[Round "7.4"]
[White "Sevig, Mert Can"]
[Black "Stefanoski, Daniel"]
[Result "1-0"]
[WhiteElo "1472"]
[BlackElo "1129"]
[Annotator "NA RC"]
[PlyCount "51"]
[EventDate "2020.10.31"]
[EventType "swiss"]
[SourceTitle "playchess.com"]
[Source "ChessBase"]
[SourceQuality "1"]

1. e4 e5 2. Nf3 Nc6 3. Bb5 Nf6 4. O-O Be7 5. Re1 O-O 6. c3 d6 7. d3 Bg4 8. Nbd2 a6 9. Ba4 b5 10. Bb3 Na5 11. Bc2 c5 12. Nf1 Qd7 13. Ng3 Nc6 14. h3 Be6 15. d4 cxd4 16. cxd4 exd4 17. Nxd4 Nxd4 18. Qxd4 Rac8 19. Bb3 d5 20. Bg5 Bc5 21. Qd2 Bxh3 22. Bxf6 Qg4 23. Qg5 Qxg5 24. Bxg5 f5 25. Bxd5+ Kh8 26. gxh3 1-0

[Event "Balkan Youth Online-ch 2020"]
[Site "Online"]
[Date "2020.10.31"]
[Round "7.5"]
[White "Palaiologou, Apostolos"]
[Black "Sava, Robert-Gabriel"]
[Result "0-1"]
[WhiteElo "1410"]
[BlackElo "1716"]
[Annotator "NA RC"]
[PlyCount "108"]
[EventDate "2020.10.31"]
[EventType "swiss"]
[SourceTitle "playchess.com"]
[Source "ChessBase"]
[SourceQuality "1"]

1. e4 c5 2. Nf3 d6 3. d4 cxd4 4. Nxd4 Nf6 5. Nc3 Nc6 6. g3 e6 7. Bg2 Be7 8. Be3 O-O 9. O-O a6 10. h3 Ne5 11. b3 Qc7 12. Nce2 Bd7 13. c4 Bc6 14. Qc2 Qd7 15. Nc3 Rfc8 16. f4 Ng6 17. Qd3 d5 18. cxd5 exd5 19. e5 Ne8 20. Nf5 Bf8 21. Bxd5 Bxd5 22. Nxd5 Rd8 23. Rad1 Qe6 24. Qe4 Rxd5 25. Rxd5 Nf6 26. Qd3 Qxd5 27. Qe2 Ne4 28. Qf3 Nc3 29. Qg4 Nxa2 30. h4 Qxb3 31. Bd4 Qd5 32. Rd1 Nc3 33. Bxc3 Qe6 34. Qh5 Bc5+ 35. Bd4 Bxd4+ 36. Nxd4 Qb6 37. Kh2 Rd8 38. Nf5 Rxd1 39. Qxd1 Qc7 40. Qg4 Qc2+ 41. Kh3 Qe4 42. Kh2 h5 43. Qg5 Qe2+ 44. Kh3 Qf1+ 45. Kh2 Qf2+ 46. Kh1 Qf3+ 47. Kh2 b5 48. Qd8+ Kh7 49. Qd7 Qe2+ 50. Kh1 Qc4 51. Nd6 Qf1+ 52. Kh2 Qf2+ 53. Kh3 Qg1 54. g4 Nxf4# 0-1